Jorge Volio y el Partido Reformista (Registro nro. 5586)
[ vista simple ]
| 000 -Cabecera | |
|---|---|
| Campo de control de longitud fija | 00562ata a2200217 4500 |
| 005 - Fecha y hora de la última transacción | |
| Campo de control | 20231019174726.0 |
| 008 - Elementos de longitud fija--Información general | |
| Campo de control de longitud fija | 150518b1978 xxu||||| |||| 00| 0 spa d |
| 041 ## - Idioma | |
| Código de idioma | Español |
| 082 ## - Clasificación Decimal Dewey | |
| Número de clasificación | 324.272 86 V915j |
| 100 ## - Entrada principal--Autor personal | |
| Nombre personal | Volio, Marina |
| 9 (RLIN) | 19540 |
| 245 ## - Título propiamente dicho | |
| Título | Jorge Volio y el Partido Reformista |
| 260 ## - Pie de imprenta | |
| Lugar de publicación, distribución, etc. | Costa Rica |
| 260 ## - Pie de imprenta | |
| Nombre del editor, distribuidor, etc. | Costa Rica |
| 260 ## - Pie de imprenta | |
| Fecha de publicación, distribución, etc. | 1978 |
| 300 ## - Descripción física | |
| Extensión | 278 páginas |
| 650 ## - Materia general | |
| Temática (materia general) | COSTA RICA |
| 650 ## - Materia general | |
| Temática (materia general) | PARTIDO REFORMISTA |
| 650 ## - Materia general | |
| Temática (materia general) | VOLIO JIMÉNEZ, JORGE |
| 650 ## - Materia general | |
| Temática (materia general) | PARTIDOS POLÍTICOS |
| 942 ## - Punto de acceso adicional KOHA | |
| Tipo de ítem KOHA | Libro |
| Fuente del sistema de clasificación o colocación | Dewey Decimal Classification |
| Signatura completa | Código de barras | Tipo de ítem |
|---|---|---|
| 324.272 86 V915j | 2872 | Libro |